LEADER 01606nas 2200433 c 450 001 9910892501603321 005 20260218111938.0 035 $a(DE-599)ZDB2838007-1 035 $a(OCoLC)931991749 035 $a(DE-101)1077937237 035 $a(CKB)5590000001371331 035 $a(DE-599)2838007-1 035 $a(EXLCZ)995590000001371331 100 $a20151023a20159999 |y | 101 0 $aaze 135 $aur||||||||||| 181 $ctxt$2rdacontent 182 $cc$2rdamedia 183 $acr$2rdacarrier 200 00$aAza?rbaycanda sa?hiyya?, sosial mu?dafia? va? ma?nzil s?a?raiti$era?smi na?s?r ; statistik ma?cmua? = Healthcare, social protection and housing conditions in Azerbaijan : official publication ; statistical yearbook$fAza?rbaycan Respublikas?n?n Do?vla?t Statistika Komita?si 210 31$aBak?$c[Verlag nicht ermittelbar]$d2015- 215 $aOnline-Ressource 300 $aGesehen am 13.11.19 517 1 $aHealthcare, social protection and housing conditions in Azerbaijan$eofficial publication ; statistical yearbook 517 1 $aHealthcare, social security and housing conditions in Azerbaijan 608 $aZeitschrift$2gnd-content 608 $aStatistik$2gnd-content 676 $a310 676 $a360 676 $a330 676 $a610 712 02$aAserbaidschan$bDo?vl?t Statistika Komit?si$4isb 801 0$b0206 801 1$bDE-101 801 2$b9999 906 $aJOURNAL 912 $a9910892501603321 996 $aAza?rbaycanda sa?hiyya?, sosial mu?dafia? va? ma?nzil s?a?raiti$94440733 997 $aUNINA